<?xml version="1.0" encoding="UTF-8"?>
<record
    xmlns:xsi="http://www.w3.org/2001/XMLSchema-instance"
    xsi:schemaLocation="http://www.loc.gov/MARC21/slim http://www.loc.gov/standards/marcxml/schema/MARC21slim.xsd"
    xmlns="http://www.loc.gov/MARC21/slim">

  <leader>02258nam a22002177a 4500</leader>
  <datafield tag="952" ind1=" " ind2=" ">
    <subfield code="0">0</subfield>
    <subfield code="1">0</subfield>
    <subfield code="4">0</subfield>
    <subfield code="7">0</subfield>
    <subfield code="a">18</subfield>
    <subfield code="b">18</subfield>
    <subfield code="d">2016-10-11</subfield>
    <subfield code="l">0</subfield>
    <subfield code="o">K123 E75</subfield>
    <subfield code="p">18 003826</subfield>
    <subfield code="r">2016-10-11</subfield>
    <subfield code="t">1</subfield>
    <subfield code="w">2016-10-11</subfield>
    <subfield code="y">LB</subfield>
  </datafield>
  <datafield tag="952" ind1=" " ind2=" ">
    <subfield code="0">0</subfield>
    <subfield code="1">0</subfield>
    <subfield code="4">0</subfield>
    <subfield code="7">0</subfield>
    <subfield code="a">18</subfield>
    <subfield code="b">18</subfield>
    <subfield code="d">2016-10-11</subfield>
    <subfield code="l">0</subfield>
    <subfield code="o">K123 E75</subfield>
    <subfield code="p">18 003827</subfield>
    <subfield code="r">2016-10-11</subfield>
    <subfield code="t">2</subfield>
    <subfield code="w">2016-10-11</subfield>
    <subfield code="y">LB</subfield>
  </datafield>
  <datafield tag="952" ind1=" " ind2=" ">
    <subfield code="0">0</subfield>
    <subfield code="1">0</subfield>
    <subfield code="4">0</subfield>
    <subfield code="7">0</subfield>
    <subfield code="a">21</subfield>
    <subfield code="b">21</subfield>
    <subfield code="d">2016-10-20</subfield>
    <subfield code="l">2</subfield>
    <subfield code="o">K123 E75 2013</subfield>
    <subfield code="p">21 003315</subfield>
    <subfield code="r">2018-12-17</subfield>
    <subfield code="s">2018-12-15</subfield>
    <subfield code="t">1</subfield>
    <subfield code="w">2016-10-20</subfield>
    <subfield code="y">LB</subfield>
  </datafield>
  <datafield tag="952" ind1=" " ind2=" ">
    <subfield code="0">0</subfield>
    <subfield code="1">0</subfield>
    <subfield code="4">0</subfield>
    <subfield code="7">0</subfield>
    <subfield code="a">19</subfield>
    <subfield code="b">19</subfield>
    <subfield code="d">2016-11-11</subfield>
    <subfield code="l">0</subfield>
    <subfield code="o">K123 E75 2013</subfield>
    <subfield code="p">19 002768</subfield>
    <subfield code="r">2016-11-11</subfield>
    <subfield code="t">1</subfield>
    <subfield code="w">2016-11-11</subfield>
    <subfield code="y">LB</subfield>
  </datafield>
  <datafield tag="999" ind1=" " ind2=" ">
    <subfield code="c">101130</subfield>
    <subfield code="d">101130</subfield>
  </datafield>
  <controlfield tag="008">161011t20122013mx ||||fr|||| 00| 0 spa d</controlfield>
  <datafield tag="020" ind1=" " ind2=" ">
    <subfield code="a">9786070910975</subfield>
  </datafield>
  <datafield tag="050" ind1="0" ind2="4">
    <subfield code="a">K123</subfield>
    <subfield code="b">E75</subfield>
  </datafield>
  <datafield tag="245" ind1="1" ind2="0">
    <subfield code="a">&#xC9;tica jur&#xED;dica</subfield>
    <subfield code="c"> / coordinadores del vol&#xFA;men: Eber Omar Betanzos Torres, Israel Gonz&#xE1;lez Delgado</subfield>
  </datafield>
  <datafield tag="260" ind1="3" ind2=" ">
    <subfield code="a">M&#xE9;xico</subfield>
    <subfield code="b"> : Porr&#xFA;a</subfield>
    <subfield code="c">, 2013</subfield>
  </datafield>
  <datafield tag="300" ind1=" " ind2=" ">
    <subfield code="a">xxii, 485 p&#xE1;ginas</subfield>
  </datafield>
  <datafield tag="490" ind1=" " ind2=" ">
    <subfield code="a">Obra Jur&#xED;dica Enciclop&#xE9;dica</subfield>
  </datafield>
  <datafield tag="505" ind1=" " ind2=" ">
    <subfield code="a">Independencia judicial, &#xE9;tica y democracia
Sobre &#xE9;tica e impartici&#xF3;n de justicia
El sistema de responsabilidad &#xE9;tica judicial de la Rep&#xFA;blica de Paraguay: a seis a&#xF1;os de su vigencia
La &#xE9;tica del juez: breve estudio sobre este particular
Exigencias actuales para el mejor juez
&#xC9;tica del juez constitucional
El juicio de reproche &#xE9;tico ante la transgresi&#xF3;n de los c&#xE1;nones de los c&#xF3;digos de &#xE9;tica judicial
La nueva &#xE9;tica del juzgador ante los juegos orales en el estado de Morelos
Naturaleza y alcances de las comisiones de &#xE9;tica en los &#xF3;rganos judiciales
La &#xE9;tica y su proceso hist&#xF3;rico
Independencia y dependencia en la &#xE9;tica estoica. Claves para el entendimiento de la independencia como concepto jur&#xED;dico
&#xC9;tica sin participaci&#xF3;n religiosa
Paradigmas modernos de la postmodernidad y la pol&#xED;tica para el derecho
La vida interna partidista: un ejemplo de deslegitimaci&#xF3;n &#xE9;tica del Estado mexicano
La reelecci&#xF3;n en M&#xE9;xico. un an&#xE1;lisis cr&#xED;tico &#xE9;tico comparativo
El aumento de la asistencia oficial para el desarrollo como deber &#xE9;tico
&#xC9;tica y seguridad social
Examen de los "principios de la bio&#xE9;tica" del discurso bio&#xE9;tico contempor&#xE1;neo predominante
&#xC9;tica y polic&#xED;a: otro enfoque
La &#xE9;tica como discurso legimitador previo a la actuaci&#xF3;n policial: su impacto en la percepci&#xF3;n de seguridad p&#xFA;blica
&#xC9;tica, colegiaci&#xF3;n y certificaci&#xF3;n profesional</subfield>
  </datafield>
  <datafield tag="519" ind1=" " ind2=" ">
    <subfield code="a">Material Complementario / </subfield>
    <subfield code="d">(18 003826, 18 003827) </subfield>
  </datafield>
  <datafield tag="519" ind1=" " ind2=" ">
    <subfield code="a">Plan Flexible / </subfield>
    <subfield code="b">Maestr&#xED;a en Derecho Penal / </subfield>
    <subfield code="c">Deontolog&#xED;a Jur&#xED;dica (B03-2) / </subfield>
    <subfield code="d">(21 003315)</subfield>
  </datafield>
  <datafield tag="519" ind1=" " ind2=" ">
    <subfield code="a">Plan Flexible / </subfield>
    <subfield code="b">Maestr&#xED;a en Derecho Penal / </subfield>
    <subfield code="c">Deontolog&#xED;a Jur&#xED;dica (B03-2) / </subfield>
    <subfield code="d">(19 002768)</subfield>
  </datafield>
  <datafield tag="650" ind1="1" ind2="4">
    <subfield code="a">&#xC9;TICA LEGAL</subfield>
  </datafield>
  <datafield tag="700" ind1="1" ind2=" ">
    <subfield code="a">Betanzos Torres, Eber Omar</subfield>
    <subfield code="e">coordinador</subfield>
  </datafield>
  <datafield tag="700" ind1="1" ind2=" ">
    <subfield code="a">Gonz&#xE1;lez Delgado, Israel</subfield>
    <subfield code="e">coordinador</subfield>
  </datafield>
  <datafield tag="942" ind1=" " ind2=" ">
    <subfield code="c">LB</subfield>
  </datafield>
</record>
